[Event "Hoogovens"]
[Site "Wijk aan Zee"]
[Date "1996.01.14"]
[Round "2"]
[White "Piket, Jeroen"]
[Black "Timman, Jan H"]
[Result "1/2-1/2"]
[WhiteElo "2570"]
[BlackElo "2620"]
[Annotator "Baburin,A"]
[PlyCount "53"]
[EventDate "1996.01.13"]
[EventType "tourn"]
[EventRounds "13"]
[EventCountry "NED"]
[EventCategory "17"]
[SourceTitle "CBM 051"]
[Source "ChessBase"]
[SourceDate "1996.04.01"]
[SourceVersion "1"]
[SourceVersionDate "1996.04.01"]
[SourceQuality "1"]

1. d4 Nf6 2. c4 e6 3. Nf3 d5 4. Nc3 Nbd7 5. cxd5 exd5 6. Bg5 c6 7. e3 Be7 8.
Bd3 Nh5 9. Bxe7 Qxe7 10. O-O Nhf6 11. Qc2 O-O 12. Rfe1 (12. Rab1 $5) 12... g6
13. a3 Nb6 14. b4 Re8 15. b5 (15. Nd2 $5) 15... c5 16. dxc5 Qxc5 {White would
be quite happy to get such a position with his pawn on b2, as now a number of
squares on the c-file have been weakened, so the standard plan of pressurizing
the isolated d5-pawn might not work here. White finds an interesting idea.} 17.
e4 $5 Qf8 (17... dxe4 $2 18. Nxe4 Nxe4 19. Qxc5 Nxc5 20. Rxe8+ $18) (17... d4
$2 18. Nd5 $18) 18. Qd2 (18. e5 $5) 18... Be6 19. a4 Rad8 20. Qg5 dxe4 21. Bxe4
Nbd5 22. Nxd5 Nxe4 23. Rxe4 Rxd5 24. Qe3 Qc5 25. Rc1 Qxe3 26. fxe3 Kf8 27. Nd4
1/2-1/2

[Event "Mondariz zt 1.1"]
[Site "Mondariz"]
[Date "2000.09.05"]
[Round "3"]
[White "Dorfman, Josif D"]
[Black "Bellini, Fabio"]
[Result "1/2-1/2"]
[WhiteElo "2600"]
[BlackElo "2484"]
[Annotator "Baburin,A"]
[PlyCount "62"]
[EventDate "2000.09.03"]
[EventType "swiss"]
[EventRounds "11"]
[EventCountry "ESP"]
[SourceTitle "CBM 079"]
[Source "ChessBase"]
[SourceDate "2000.11.21"]
[SourceVersion "1"]
[SourceVersionDate "2000.11.21"]
[SourceQuality "1"]

1. c4 e6 2. d4 d5 3. Nc3 Nf6 4. Nf3 Nbd7 5. cxd5 exd5 6. Bf4 c6 7. Qc2 Be7 8.
h3 O-O 9. e3 Re8 10. Bd3 Nf8 11. O-O Ng6 12. Bh2 Bd6 13. Bxd6 Qxd6 14. Rab1 b6
$6 {This is a very unusual set-up and I suspect that it's not particularly
good.} 15. b4 Bb7 16. a4 ({Other interesting tries are} 16. Rfc1) ({and} 16.
Bxg6 hxg6 17. Ne5 Nd7 18. f4) 16... Nf8 17. a5 Rab8 18. Rfc1 N8d7 19. axb6 {
I am not sure about this move - perhaps White should have kept a-pawns for a
while, reserving an option of a5-a6, for example.} axb6 20. e4 {This is a very
thematic break well-known for the Queen's Gambit Declined and the Nizmo-Indian
- when Black has a bishop on b7 and pawn on c6, it's often good for White to
break with e4 in order to put pressure on the c6-pawn and highlight the
inactivity of the enemy bishop.} ({But perhaps White should have prepared this
break with} 20. Re1 $5) 20... dxe4 21. Nxe4 Qf4 22. Ne5 (22. Re1 c5 $5) 22...
Nxe5 23. Nxf6+ Qxf6 24. Bxh7+ Kf8 25. dxe5 Qxe5 26. Bd3 Rbd8 27. Qc3 Qxc3 28.
Rxc3 $11 c5 29. Bb5 Re5 30. bxc5 Rxc5 31. Re3 Bc6 1/2-1/2

[Event "FRA-ch"]
[Site "Narbonne"]
[Date "1997.08.23"]
[Round "8"]
[White "Chabanon, Jean Luc"]
[Black "Vaisser, Anatoli"]
[Result "1/2-1/2"]
[WhiteElo "2455"]
[BlackElo "2575"]
[Annotator "Baburin,A"]
[PlyCount "30"]
[EventDate "1997.08.15"]
[EventType "tourn"]
[EventRounds "15"]
[EventCountry "FRA"]
[EventCategory "9"]
[SourceTitle "CBM 061"]
[Source "ChessBase"]
[SourceDate "1997.11.23"]
[SourceVersion "1"]
[SourceVersionDate "1997.11.23"]
[SourceQuality "1"]

1. d4 d5 2. c4 e6 3. Nc3 Nf6 4. cxd5 exd5 5. Bg5 c6 6. e3 Bf5 7. Bd3 Bxd3 8.
Qxd3 Nbd7 {With the light-squared bishops swapped off, Black has no problem
whatsoever equalising.} 9. Nf3 Be7 10. O-O O-O 11. Rab1 a5 12. a3 Ne4 ({
A more flexible move is} 12... Re8 {, which gave Black good play in the game
Larsen-Geller,Linares 1983 after} 13. b4 axb4 14. axb4 b5 15. Ne5 Nxe5 16. dxe5
Nd7 17. Bxe7 Qxe7 18. f4 Ra3 $36 (18... Ra3 19. Rfd1 Rea8 20. Qd4 Nf8 21. Rdc1
Ne6 22. Qd2 Qa7 23. f5 Nf8 24. Qd4 Nd7 25. Nd1 Qc7 26. Qxd5 Nxe5 27. Qxb5 Ng4
28. Qxc6 Qxh2+ 29. Kf1 h5 30. Rb3 Ra2 31. Rb2 Rxb2 32. Qxa8+ Kh7 33. Nxb2 Qh1+
34. Ke2 Qxc1 35. Nd1 Qc4+ 36. Kd2 Qxb4+ 37. Ke2 Qb5+ 38. Ke1 Qxf5 39. Qf3 Qe6
40. Kd2 Qa2+ 41. Ke1 g6 42. e4 Kg8 43. Qe2 Qa5+ 44. Qd2 Qb6 45. Ke2 Qc7 46. Qc3
Qh2 47. Qf3 {Larsen,B-Geller,E/Linares 1983/MCD-r8/0-1 (89)})) 13. Bf4 (13.
Bxe7 Qxe7 14. Rfc1 f5 15. b4 axb4 16. axb4 b5 17. Nd2 Nb6 18. Nf1 Nc4 19. f3
Nxc3 20. Rxc3 Ra2 21. Rbb3 Qh4 22. Rc2 Ra1 23. Re2 Qf6 24. Rb1 Ra3 25. Qd1 Qe7
26. g3 Re8 27. Rb3 Rea8 28. Rxa3 Rxa3 29. Qb1 g6 30. Ra2 Ra4 31. Rxa4 bxa4 32.
Kf2 a3 33. Ke2 Qa7 {0-1 Telljohann,S-Dautov,R/BL2-W 1996/BL2}) 13... f5 14. h3
(14. Ne5 Nxe5 15. Bxe5 Bd6 16. f4 Qd7 17. Nxe4 fxe4 18. Qe2 b6 19. b4 axb4 20.
axb4 Ra3 21. Rfc1 Rc8 22. Bxd6 Qxd6 23. h3 h6 24. Rc2 Kh7 25. Qe1 c5 26. Qc1
Rd3 27. bxc5 bxc5 28. Rxc5 Ra8 {Mueller,K-Olsen,H/Aabybro Nordic-tt 1989/EXT
89/1/2-1/2 (40)}) 14... Bd6 15. Bxd6 Nxd6 1/2-1/2

[Event "Olomouc After GP Mladi"]
[Site "Olomouc"]
[Date "1997.??.??"]
[Round "4"]
[White "Oral, Tomas"]
[Black "Polak, Tomas"]
[Result "0-1"]
[WhiteElo "2435"]
[BlackElo "2470"]
[Annotator "Baburin,A"]
[PlyCount "74"]
[EventDate "1997.08.05"]
[EventType "tourn"]
[EventRounds "11"]
[EventCountry "CZE"]
[EventCategory "10"]
[SourceTitle "CBM 061"]
[Source "ChessBase"]
[SourceDate "1997.11.23"]
[SourceVersion "1"]
[SourceVersionDate "1997.11.23"]
[SourceQuality "1"]

1. d4 {Tsesarsky} Nf6 2. c4 e6 3. Nf3 d5 4. cxd5 {Taking on d5 in this
situation does not give White any advantage, as he cannot prevent the
development of the black bishop to f5. If Black can bring his light squared
bishop out in this pawn structure, most of his opening problems are solved, as
this game confirms.} exd5 5. Bg5 c6 6. Nc3 Be7 7. e3 ({If White tries to
prevent ...Bf5 by playing} 7. Qc2 {Black can still manage to develop the
bishop and equalise the position after} g6 8. e3 Bf5 9. Bd3 Bxd3 10. Qxd3 Nbd7)
7... Bf5 8. Ne5 (8. h3 {Tsesarsky} Nbd7 9. g4 Bg6 10. Bxf6 Bxf6 11. h4 Qb6 12.
Qd2 h6 13. O-O-O $14 {1-0 Shinkevich,V-Letov,A/1/2 final Russia Cup, Perm RUS
1997 (47)}) 8... O-O (8... Ne4 {Tsesarsky} 9. Bxe7 (9. Qf3 Nxg5 10. Qxf5 O-O
11. Bd3 g6 12. Qg4 $15) 9... Qxe7 10. Qf3 Be6 (10... g6 11. Rc1 Qb4 12. Nd3 Qa5
13. a3 Nd7 14. Be2 O-O 15. Qf4 $11) 11. Bd3 Nd6 (11... Qb4 $6 12. O-O $1 (12.
Rb1 Nxc3 13. bxc3 Qxc3+ 14. Ke2 $44) 12... Nd2 (12... Nxc3 13. bxc3 Qxc3 14.
Rab1 $14) 13. Qg3 O-O (13... Nxf1 14. Qxg7 Rf8 15. Rxf1 Qxb2 16. Na4 Qxa2 17.
Nc5 $18) 14. Rfc1 Qxb2 15. Na4 Qb4 16. Nc5 Bc8 17. a3 Qa5 18. Ra2 b6 19. Qh4 f5
20. Qe7 bxc5 21. Rxc5 Qa4 22. Rxd2 Qxa3 23. Rd1 $16) 12. Qe2 (12. Qh5 $14)
12... g6 13. O-O O-O 14. Rae1 Nd7 15. Nf3 Bf5 $11 {Schwarzkopf,C-Straeter,T/
Dortmund op 1988/TD 88\03/1/2-1/2 (56)}) (8... Nbd7 {Tsesarsky} 9. g4 (9. Qb3
Qb6) 9... Be6 10. Bxf6 (10. Nxd7 Qxd7 11. h3 h6 12. Bf4 $14) 10... Bxf6 11. Nd3
c5 12. Nf4 (12. Nxc5 Nxc5 13. dxc5 Qa5 14. Qa4+ Qxa4 15. Nxa4 Bxg4 16. Bg2
O-O-O (16... Rd8 17. Rg1 Bd7 (17... h5 18. Nc3 d4 19. Nd5 dxe3 20. Nxf6+ gxf6
21. fxe3 Rd3 22. Bxb7 Rxe3+ 23. Kf1 $14) 18. Nc3 Bc6 $11) 17. Rg1 h5 18. Rc1 d4
$15) 12... cxd4 13. exd4 O-O 14. Bg2 Nb6 15. O-O Qd6 16. Nh5 Bh4 17. f4 g6 18.
g5 (18. f5 Bd7 19. Nf4 Bc6 20. Qf3 $11) 18... h6 19. Nf6+ Kg7 $132 {0-1 Condie,
M-Lawton,G/BCF-ch Swansea 1995/EXT 95ch2 (29)}) 9. g4 Be6 10. Bd3 Nbd7 (10...
Qb6 {Tsesarsky} 11. Qc2 h6 12. Bxf6 (12. Bh4 g5 13. Bg3 Nxg4 14. O-O-O (14. h4
Nd7 15. Nxd7 (15. Nxg4 $2 Bxg4 16. hxg5 Bxg5 (16... hxg5 17. Be2 $18) 17. f4
Bf6 18. Kd2 (18. Rxh6 Rfe8 19. Kf2 Rxe3 20. Kxe3 Qxd4+ 21. Kd2 Re8 22. Re1 Rxe1
23. Kxe1 Qg1+ $19) 18... Bg7 19. Rh4 f5 20. Rg1 Rae8 $17) 15... Bxd7 16. hxg5
Bxg5 17. Bh4 f6 18. O-O-O Rf7 19. Rdg1 $14) 14... Nxe5 15. Bxe5 $44) 12... Bxf6
13. h3 Bxe5 14. dxe5 Nd7 $17) 11. Nxd7 Qxd7 12. f3 $6 ({I would have preferred
} 12. h3 {with the idea to then play Qc2 and castle queenside.}) (12. h3 {
Tsesarsky} Rfe8 13. Qc2 $132) 12... Ne8 13. h4 f5 $1 {Countre-attacking White
on the kingside, Black highlights the fact that White is somehow behind in
development.} (13... Bd6 {Tsesarsky} 14. Rg1 Qc7 15. Ne2 Qa5+ (15... f6 16. Bf4
$14) 16. Qd2 (16. Kf2 c5 $132) 16... Qxd2+ 17. Kxd2 f5 18. gxf5 Bxf5 19. e4
dxe4 20. fxe4 Be6 21. a3 $14) 14. Qc2 (14. Bxe7 {Tsesarsky} Qxe7 15. g5 Nd6 16.
Qd2 $132) 14... fxg4 15. Bxh7+ Kh8 16. f4 ({After} 16. fxg4 Bxg4 {White's king
would have been stuck in the centre.} (16... Bxg4 {Tsesarsky} 17. Bd3 Nd6 $17))
16... Bb4 {Black starts to fight for control of the e4-square.} (16... Nd6 $15
{Tsesarsky}) 17. h5 (17. Bd3 {Tsesarsky} Bf5 18. Rg1 Nd6 $17) 17... Bxc3+ (
17... Nd6 $6 {Tsesarsky} 18. h6 $1 $14) 18. bxc3 Bf5 19. Bxf5 Rxf5 20. Ke2 (20.
h6 {Tsesarsky} g6 21. Rg1 Nf6 22. O-O-O $14) 20... Nd6 {[#]Black's strategy is
succeeding. He firmy controls the light squares, White's bishop is absolutely
useless, and the e3-pawn is weak. Black might lose the g4-pawn, but this is
not a high price to pay for all the advantages he has received.} 21. Rag1 (21.
h6 {Tsesarsky} Ne4 22. Rag1 g3 23. c4 Re8 24. Rg2 Rf7 25. hxg7+ Kxg7 26. Ke1
Rh8 27. Rxh8 Kxh8 $17) 21... Re8 (21... Ne4 $1 {Tsesarsky} 22. h6 (22. Rxg4
Rxg5 23. Rxg5 Nxg5 24. fxg5 Qg4+ $19) 22... g3 23. c4 Nxg5 (23... Rxg5 24. fxg5
Qg4+ 25. Kd3 (25. Ke1 Qf3 $19) 25... Rf8 26. cxd5 Rf2 27. Qd1 cxd5 $1 $19 (
27... Qf5 $17)) 24. hxg7+ Kxg7 25. Rxg3 Rh8 26. Rhg1 (26. Rxh8 Kxh8 27. Rxg5
Rxg5 28. fxg5 Qg4+ $11) 26... Rh2+ 27. R3g2 Rxg2+ 28. Rxg2 Kf6 $11) 22. Rh4 (
22. h6 $1 {Tsesarsky} Nc4 (22... g6 23. Rxg4 Rfe5 $2 24. Bf6+) 23. hxg7+ Kxg7
24. Rxg4 Nxe3 25. Rg3 Qe6 26. Bd8+ Kf7 27. Rh7+ Kf8 28. Rh8+ Kf7 29. Rxe8 Nxc2+
30. Rxe6 Kxe6 31. Bg5 $11) (22. Rxg4 {Tsesarsky} Rfe5 $1 23. Rg3 (23. dxe5
Qxg4+ 24. Kd3 Nc4 $19) 23... Nf5 $1 $17) 22... Nc4 23. Rg3 Re4 (23... Qe6 {
Tsesarsky} 24. Qd3 (24. Qc1 c5 25. h6 g6 (25... Qa6 26. Ke1 cxd4 27. cxd4 Qxa2
28. hxg7+ Kxg7 29. Rhxg4 Kf7 30. Bh6 Re7 31. Rh3 Re6 32. Rg7+ Ke8 33. Rg8+ Kd7
34. Bg5 $132) 26. dxc5 Qa6 27. Ke1 Qxa2 28. Rhxg4 Qh2 29. Rg2 Qh1+ 30. Rg1 Qe4
$19) 24... Nb2 25. Qb1 Nc4 26. Qd3 $11) 24. Rhxg4 (24. h6 {Tsesarsky} g6 25.
Rhxg4 Qe6 26. Qc1 Rf8 27. Rh4 Qf5 (27... Re8 28. f5 Qxf5 29. Rxe4 Qxe4 $17) 28.
h7 Rfe8 29. Kf2 Nxe3 30. Rhh3 Ng2 $1 $19) 24... Rf8 (24... Qe6 {Tsesarsky} 25.
Qd3 Rf8 26. Rh4 Re8 27. f5 Qxf5 28. h6 g6 29. Rxe4 Rxe4 30. Rg2 Nd6 $1 $17) 25.
h6 g6 26. Rh4 Qf5 27. Qc1 (27. Qb3 {Tsesarsky} b5 28. h7 Rfe8 29. Rhh3 Nxe3 30.
Kf2 (30. Rxe3 Qxh3 $19) 30... Rxf4+ $19) 27... Kh7 28. Rh1 (28. Kd1 {Tsesarsky}
Rfe8 $19) 28... Rfe8 29. Re1 R4e6 ({Black's advantage was already overwelming,
so he had to cash in on it by stricking the weak e3 pawn immediately:} 29...
Nxe3 30. Kf3 Nc4 (30... Qe6 $19 {Tsesarsky}) 31. Rxe4 Qxe4+ 32. Kf2 Qe2+ 33.
Kg1 Nd2 $19) 30. Kf2 Nd6 (30... b6 $2 {Tsesarsky} 31. Re2 c5 32. Re1 Qd3 33.
Rd1 (33. Re2 Nd6 $17) 33... Qf5 34. Re1 Qd3 $11 (34... Nd6 35. Kg1)) 31. Reg1 (
31. Kg1 {Tsesarsky} Qd3 32. Rh3 Nb5 33. Kh2 (33. c4 dxc4 34. Rd1 Qe2 $17) 33...
Qxc3 (33... Nxc3 34. e4 $1) 34. a4 Qxc1 35. Rxc1 Nd6 $17) (31. Rgg1 $6 {
Tsesarsky} Ne4+ $19) 31... Ne4+ 32. Ke2 c5 33. Qb2 Rb6 34. Qa3 Nxg3+ 35. Rxg3
Qc2+ 36. Kf3 Rb2 37. Kg4 Qf5+ 0-1

[Event "Western States op"]
[Site "USA"]
[Date "1997.10.26"]
[Round "6"]
[White "Baburin, Alexander"]
[Black "Shabalov, Alexander"]
[Result "1-0"]
[WhiteElo "2570"]
[BlackElo "2585"]
[Annotator "Baburin,A"]
[PlyCount "55"]
[EventDate "1997.??.??"]
[EventType "swiss"]
[EventRounds "5"]
[EventCountry "USA"]
[SourceTitle "CBM 061"]
[Source "ChessBase"]
[SourceDate "1997.11.23"]
[SourceVersion "1"]
[SourceVersionDate "1997.11.23"]
[SourceQuality "1"]

1. d4 d5 2. c4 c6 3. Nf3 Nf6 4. Nc3 e6 5. cxd5 exd5 {This position does not
offer White much, but playing Shabalov, who was half of point ahead, in the
last round of the Western States Open, I wanted to get a solid position with a
small edge.} 6. Qc2 Bd6 ({Black equalises after} 6... Be7 7. Bg5 g6) 7. Bg5 Be6
$5 {Somehow, I predicted and expected this set-up, as Shabalov had tried it
before. Black's idea is not that bad. He wants to play ...Nbd7, ...Qc7. Then
he wouldn't need to worry about the pin and would have firm control over the
e5-square. The fact that the light-squared bishop is brought out helps Black,
too, as his rooks will be connected, and the bishop can be moved to g4 later
on. All in all, White needs to react to this plan quickly!} 8. Ne5 $5 h6 9. Bh4
g5 $5 ({After} 9... Nbd7 10. Nxd7 (10. f4 g5 $1 $36) 10... Bxd7 11. e3 O-O 12.
Bd3 Re8 13. O-O-O {,White is a little better, and more importantly, the
arising position does not suit Shabalov's agressive style. So, he finds a way
to complicate the issue.}) 10. Bg3 Ne4 11. e3 {It is important not to get
involved in complications before development is completed.} ({White gets
nowhere after} 11. Nxe4 dxe4 12. O-O-O Bxa2 13. e3 Bd5) 11... h5 $2 {Black
pushes too hard.} ({After} 11... Nxg3 12. hxg3 Bxe5 13. dxe5 Nd7 14. f4 Qb6 {
he would have been doing fine.}) 12. Nxe4 dxe4 13. Bc4 $1 {This is the move
Black did not foresee!} Qe7 ({Now, Black has no time to win the g3-bishop, as
the following line shows:} 13... h4 14. Bxe6 fxe6 15. Qxe4 Qf6 16. Ng4 Bb4+ 17.
Ke2 $18) 14. h4 Rg8 ({Black missed a chance to put up more resistance by
playing} 14... Bxe5 15. Bxe5 f6 {However, White keeps the advantage after} 16.
Bxe6 ({also interesting is} 16. Bxf6 Qxf6 17. Qxe4 Kd7 18. hxg5 Qf5 19. Qxe6+
Qxe6 20. Bxe6+ Kxe6 21. e4) 16... Qxe6 17. Bxb8 Rxb8 18. hxg5 fxg5 19. Qc5 Qe7
20. Rc1 $1 (20. Qxa7 Qb4+ 21. Kf1 Qxb2 22. Qxb8+ Kd7 23. Qxh8 Qxa1+ 24. Ke2
Qxa2+ $11) 20... Rd8 21. Rc4 $1 $16 a6 22. Qe5) 15. O-O-O Bxe5 16. dxe5 Nd7 17.
Bxe6 (17. hxg5 {is also winning.}) 17... fxe6 (17... Qxe6 18. b3 $1) 18. Qxe4
g4 19. Rd6 O-O-O 20. Rhd1 $18 (20. Bf4 $18) 20... Nb6 21. Qb4 Rde8 22. e4 Rg7
23. Qb3 Qf7 24. a4 Na8 25. Qe3 Nb6 26. a5 Nc4 27. Qxa7 Kc7 28. R6d4 1-0

[Event "Rubinstein Memorial 36th"]
[Site "Polanica Zdroj"]
[Date "1999.08.26"]
[Round "9"]
[White "Rustemov, Alexander"]
[Black "Khenkin, Igor"]
[Result "1-0"]
[WhiteElo "2573"]
[BlackElo "2633"]
[Annotator "Baburin,A"]
[PlyCount "76"]
[EventDate "1999.08.17"]
[EventType "tourn"]
[EventRounds "9"]
[EventCountry "POL"]
[EventCategory "15"]
[SourceTitle "CBM 073"]
[Source "ChessBase"]
[SourceDate "1999.12.01"]
[SourceVersion "1"]
[SourceVersionDate "1999.12.01"]
[SourceQuality "1"]

1. d4 d5 2. c4 e6 3. Nc3 Nf6 4. cxd5 exd5 5. Bg5 c6 6. e3 Bf5 7. Qf3 Bg6 8.
Bxf6 Qxf6 9. Qxf6 gxf6 {This is one of the most critical lines in the Exchange
Variation of the QGD. If Black can prove equality here, the popularity of the
Exchange Variation will inevitably decline. Fortunately for White, some recent
games between Grandmasters went well for him.} 10. h4 {[%mdl 4]} (10. Nf3 Nd7
11. Nh4 Be7 12. g3 Nb6 13. Rd1 (13. O-O-O Nc8 14. Bd3 Nd6 15. f3 Bxd3 16. Rxd3
f5 17. Ng2 Bg5 18. Kc2 {1/2-1/2 Yermolinsky-Azmaiparashvili, Elista OL 1998.})
(13. f3 O-O 14. Kf2 Rfe8 15. Rd1 Nc8 16. Ng2 Nd6 17. h4 h5 18. Nf4 Bf8 19. Re1
Bh6 20. b3 Kg7 21. Bg2 Re7 22. Re2 Rae8 23. Rhe1 a5 24. e4 $36 {V.
Milov-Pigusov, New York Open 1998.}) 13... Bb4 14. a3 Bxc3+ 15. bxc3 Na4 16.
Kd2 b5 17. f3 O-O 18. g4 Nb2 19. Ra1 Nc4+ 20. Bxc4 bxc4 21. Nf5 Rab8 22. Rhb1
Rfe8 23. e4 Bxf5 24. gxf5 dxe4 25. fxe4 Rxb1 26. Rxb1 Rxe4 27. Rb4 $16 {
Piket-van der Sterren, Wijk aan Zee 1998.}) 10... h5 11. Nge2 (11. Nh3 Bd6 12.
Be2 Nd7 13. Rc1 Nb6 14. g3 Nc4 15. Bxc4 dxc4 16. Nf4 Bf5 17. f3 O-O-O 18. Kf2
b5 19. Nxh5 Rxh5 20. g4 Bxg4 21. fxg4 Rh6 22. Ne4 $16 {I.Sokolov-Dautov,
Nussloch 1996.}) 11... Bd6 12. g3 Nd7 13. Nf4 Nb6 $146 (13... Bxf4 14. gxf4 Bf5
15. f3 Rd8 16. Kf2 Nb6 17. Be2 Ke7 18. b4 Be6 19. a4 f5 20. a5 Nc8 21. b5 $36 {
Drasko-Bellini, Montecatini Terme 1995.}) 14. Rc1 a5 15. Be2 a4 16. a3 Ke7 17.
f3 {It seems that currently White strongly favours the set-up with pawns on e3,
f3 and g3. White's pawn formation is very flexible, which allows him to choose
from different plans. One plan is to prepare e3-e4 at some stage.} Bf5 18. Kf2
Be6 19. Rhe1 f5 20. Bd3 Nd7 21. e4 $1 fxe4 22. fxe4 dxe4 23. Bxe4 $16 Rh6 24.
d5 {White's pieces are better mobilised and therefore it suits him to open up
the position, despite Black's bishop pair.} cxd5 25. Ncxd5+ Bxd5 26. Bxd5+ Ne5
27. Re4 Kd7 28. Rc2 Ra7 29. Kg2 b5 30. Rce2 f6 31. Rc2 f5 32. Rd4 Ra6 33. Bb7
Ra7 34. Bc8+ Kd8 35. Bxf5 $18 Nc4 36. Kf3 Re7 37. Bd3 Ne5+ 38. Kg2 Ng4 1-0

[Event "FRA-ch sf"]
[Site "Besancon"]
[Date "1999.08.24"]
[Round "1.2"]
[White "Bacrot, Etienne"]
[Black "Anic, Darko"]
[Result "1-0"]
[WhiteElo "2592"]
[BlackElo "2467"]
[Annotator "Baburin,A"]
[PlyCount "97"]
[EventDate "1999.08.23"]
[EventType "match"]
[EventRounds "2"]
[EventCountry "FRA"]
[SourceTitle "CBM 073"]
[Source "ChessBase"]
[SourceDate "1999.12.01"]
[SourceVersion "1"]
[SourceVersionDate "1999.12.01"]
[SourceQuality "1"]

1. d4 Nf6 2. c4 e6 3. Nc3 d5 4. Bg5 c6 5. cxd5 exd5 6. e3 Bf5 7. Qf3 Bg6 8.
Bxf6 gxf6 {Usually here Black recaptures on f6 with a queen, as his
compromised pawn structure might be easier to defend in the endgame.} 9. h4 $5
{[%mdl 4]} (9. Qd1 Qb6 10. Qd2 Nd7 11. h4 h5 12. Nge2 Bd6 13. Nf4 Bxf4 14. exf4
Nf8 15. O-O-O Ne6 16. Bd3 Bxd3 17. Qxd3 Kf8 18. f5 Ng7 $13 {Vaisser-Anic,
1998-9 French Team Ch 1999.}) ({RR} 9. Rd1 Nd7 10. Bd3 Qb6 11. Qe2 f5 $6 12.
Qc2 f4 13. exf4 Bxd3 14. Rxd3 $16 {Zaja-Nikolac,J ch-CRO, Pula 1998.}) 9... h5
$146 (9... Bb4 10. Qd1 Qe7 11. h5 Be4 12. Qd2 Nd7 13. f3 Bf5 14. g4 Be6 15. Bd3
Nb6 16. O-O-O $14 {Federau-Luetje, Germany 1996.}) 10. Nh3 Bd6 11. Nf4 Nd7 12.
O-O-O Qe7 13. Bd3 Rh6 14. e4 $1 dxe4 15. Bxe4 O-O-O 16. Rhe1 Bxe4 (16... Qf8
17. Kb1 $5) 17. Nxe4 Nb6 18. Nxh5 Nd5 $6 19. Nc3 $1 Qc7 20. Nxd5 cxd5+ 21. Kb1
Kb8 22. Nxf6 Rxh4 23. g3 Rh2 24. Ne8 Qd7 25. Nxd6 Qxd6 26. Qxf7 $18 Rhh8 27.
Qe6 Qb4 28. a3 Qa4 29. Qe2 Rh2 30. Rh1 Rxh1 31. Qe5+ Ka8 32. Rxh1 Qc4 33. Qe3
a6 34. Re1 Qa4 35. Qd3 Rc8 36. Re5 Qc6 37. Ka2 Qc1 38. Qb3 Qf1 39. Re7 Rb8 40.
f4 Qf2 41. Rd7 Qxd4 42. Qxd5 Qf2 43. Rd6 Qf1 44. Rd8 Qf2 45. Rxb8+ Kxb8 46.
Qe5+ Ka7 47. f5 Qd2 48. f6 Qd3 49. Qc5+ 1-0